000
00280nam a2200109Ia 4500
008
200302s9999 xx 000 0 und d
100
_a
Saloni Milano
245
_a
Milan Flurniture Fair 2009
260
_b
Arts for the international Publication
260
_c
2009
300
_a
298 P.,
999
_c
3932
_d
3932